Development scenario of North-East India : (Record no. 10417)

MARC details
000 -LEADER
fixed length control field 00674cam a2200229ua 4500
005 - DATE AND TIME OF LATEST TRANSACTION
control field 20210806113437.0
008 - FIXED-LENGTH DATA ELEMENTS--GENERAL INFORMATION
fixed length control field 191011n ii |||gr||||Z||||||eng
020 ## - INTERNATIONAL STANDARD BOOK NUMBER
International Standard Book Number 9788186307250
040 ## - CATALOGING SOURCE
Transcribing agency MAIN
Original cataloging agency IN-DiNC
041 ## - LANGUAGE CODE
Language code of sung or spoken text English
082 ## - DEWEY DECIMAL CLASSIFICATION NUMBER
Classification number 338.9541
Item number DEV
245 ## - TITLE STATEMENT
Title Development scenario of North-East India :
Remainder of title a holistic perspective /
Statement of responsibility, etc. edied by Jaynal Ud-din Ahmed .
250 ## - EDITION STATEMENT
Edition statement 1st ed.
260 ## - PUBLICATION, DISTRIBUTION, ETC.
Place of publication, distribution, etc. Guwahati:
Name of publisher, distributor, etc. DVS publishers,
Date of publication, distribution, etc. 2010.
300 ## - PHYSICAL DESCRIPTION
Extent xiv, 330p.
650 ## - SUBJECT ADDED ENTRY--TOPICAL TERM
Topical term or geographic name entry element Economic development
650 ## - SUBJECT ADDED ENTRY--TOPICAL TERM
Topical term or geographic name entry element North East India
700 ## - ADDED ENTRY--PERSONAL NAME
Personal name Ahmed, Jaynal Ud-din
Relator term Editor
942 ## - ADDED ENTRY ELEMENTS (KOHA)
Koha item type Books
Source of classification or shelving scheme Dewey Decimal Classification
653 ## - INDEX TERM--UNCONTROLLED
Uncontrolled term Production
653 ## - INDEX TERM--UNCONTROLLED
Uncontrolled term Development of North-east
Holdings
Withdrawn status Lost status Source of classification or shelving scheme Damaged status Not for loan Collection code Home library Current library Shelving location Date acquired Cost, normal purchase price Full call number Barcode Date last seen Copy number Price effective from Koha item type Total Checkouts
    Dewey Decimal Classification     Economics Central Library, Naharkatiya College Central Library, Naharkatiya College General Stacks 19/09/2020 695.00 338.9541 DEV 27071 19/09/2020 1 19/09/2020 Books  
    Dewey Decimal Classification     Economics Central Library, Naharkatiya College Central Library, Naharkatiya College General Stacks 19/09/2020 695.00 338.9541 DEV 27072 19/09/2020 2 19/09/2020 Books  
    Dewey Decimal Classification     Economics Central Library, Naharkatiya College Central Library, Naharkatiya College General Stacks 06/08/2021 695.00 338.9541 DEV 26549 06/08/2021 3 06/08/2021 Books  

Naharkatiya College © 2020. All rights reserved.

Powered By